كيف تعيش و تحقق أحلامك / (Record no. 147413)

MARC details
000 -الفاتح
عناصر البيانات ثابتة الطول 00940nam a22002297a 4500
005 - تاريخ ووقت آخر معاملة
حقل ضبط 20251108180012.0
008 - عناصر البيانات ثابتة الطول
عناصر البيانات ثابتة الطول 250721s2025 ua gr 000 0 ara d
020 ## - الترقيم الدولي المعياري للكتب (ردمك)
الترقيم الدولي المعياري للكتب (ردمك) 9774081838
041 1# - كود اللغة
كود اللغة لنص/مسار صوت أو عنوان منفصل ara
كود اللغة للأصل eng
082 14 - رقم تصنيف ديوي العشري
رقم التصنيف 158.1
رقم المادة ت ش ا
100 1# - مدخل رئيسي – اسم شخصي
الاسم الشخصي تشابمان، جويس
علاقة الشخص بالعمل/ دوره مؤلف.
245 10 - بيان العنوان
العنوان كيف تعيش و تحقق أحلامك /
بيان المسؤولية تأليف جويس تشابمان ؛ إعداد قسم الترجمة بدار الفاروق للإستثمارات الثقافية.
250 ## - بيان الطبعة
بيان الطبعة الطبعة العربية السادسة.
264 31 - بيانات النشر، التوزيع…إلخ
مكان النشر، التوزيع...إلخ الجيزة :
اسم الناشر، الموزع...إلخ دار الفاروق للنشر والتوزيع،
تاريخ النشر، التوزيع...إلخ 2025،
300 ## - الوصف المادي
عدد الوحدات المكونة للوعاء 264 صفحة.
650 17 - مدخل إضافي بالموضوع - مصطلح موضوعي
مصطلح موضوعي أو اسم جغرافي كعنصر مدخل النجاح الشخصي.
650 17 - مدخل إضافي بالموضوع - مصطلح موضوعي
مصطلح موضوعي أو اسم جغرافي كعنصر مدخل السعادة.
650 17 - مدخل إضافي بالموضوع - مصطلح موضوعي
مصطلح موضوعي أو اسم جغرافي كعنصر مدخل الرضا.
710 2# - مدخل إضافي - اسم هيئة
اسم الهيئة أو السلطة المختصة كعنصر مدخل قسم الترجمة بدار الفاروق للاستثمارات الثقافية
علاقة الهيئة بالعمل/ دورالهئية معد.
942 ## - بيانات إضافية (كوها)
نوع التنصيف Dewey Decimal Classification
نوع المادة (كوها) Books
Holdings
حالة السحب حالة الفقدان مصدر التصنيف حالة التلف غير قابل للإعارة المكتبة الرئيسية المكتبة الحالية موقع الرف تاريخ التزويد الرقم المتسلسل Total Checkouts رقم الإستدعاء الباركود تاريخ آخر ظهور تاريخ الفاتورة نوع المادة (كوها)
    Dewey Decimal Classification     المكتبة المركزية المكتبة المركزية الإعارة 28/07/2025 1795158   158.1 / ت ش ا PLD00516691 28/07/2025 28/07/2025 Books
    Dewey Decimal Classification     مكتبة أم قصير والمقابلين العامة مكتبة أم قصير والمقابلين العامة الإعارة 07/05/2025 1795162   158.1 / ت ش ا PLD00516742 28/07/2025 07/05/2025 Books
    Dewey Decimal Classification     مكتبة الأميرة ايمان العامة مكتبة الأميرة ايمان العامة الإعارة 07/05/2025 1795159   158.1 / ت ش ا PLD00516739 28/07/2025 07/05/2025 Books
    Dewey Decimal Classification     مكتبة الاميرة بديعة مكتبة الاميرة بديعة الإعارة 07/05/2025 1795163   158.1 / ت ش ا PLD00516743 28/07/2025 07/05/2025 Books
    Dewey Decimal Classification     مكتبة البراعم الواعدة مكتبة البراعم الواعدة الإعارة 07/05/2025 1795167   158.1 / ت ش ا PLD00516747 28/07/2025 07/05/2025 Books
    Dewey Decimal Classification     مكتبة الجويدة مكتبة الجويدة الإعارة 07/05/2025 1795165   158.1 / ت ش ا PLD00516745 28/07/2025 07/05/2025 Books
    Dewey Decimal Classification     مكتبة الحسن العامة مكتبة الحسن العامة الإعارة 07/05/2025 1795164   158.1 / ت ش ا PLD00516744 28/07/2025 07/05/2025 Books
    Dewey Decimal Classification     مكتبة حمزة العامة مكتبة حمزة العامة الإعارة 07/05/2025 1795166   158.1 / ت ش ا PLD00516746 28/07/2025 07/05/2025 Books
    Dewey Decimal Classification     مكتبة صويلح العامة مكتبة صويلح العامة الإعارة 07/05/2025 1795161   158.1 / ت ش ا PLD00516741 28/07/2025 07/05/2025 Books
    Dewey Decimal Classification     مكتبة وادي السير العامة مكتبة وادي السير العامة الإعارة 07/05/2025 1795160   158.1 / ت ش ا PLD00516740 28/07/2025 07/05/2025 Books
Implemented & Customized by: BBB with SCIT (Smart Chains for Information Technology)

Powered by Koha